Famous Ghosts - Statistics

General Stats
  • This quiz has been taken 562 times
    299 since last reset
  • The average score is 9 of 15
Answer Stats
Hint Answer % Correct
The Friendly Ghost Casper
93%
Appears in the mirror if you say her name three times Bloody Mary
73%
Ghost of a serial killer who kills people in their dreams with his razor gloves Freddy Krueger
69%
Appears to his son at the end of Star Wars Episode VI: Return of the Jedi Anakin Skywalker
65%
Wife of Henry VIII, occasionally sighted at the Tower of London Anne Boleyn
64%
19th century US President, occasionally sighted wandering the corridors of the White House Abraham Lincoln
61%
Danish king who appears to his son of the same name in a Shakespeare play King Hamlet
57%
Haunts a girls' toilet in Hogwarts Castle Moaning Myrtle
56%
The most infamous spectre in Sleepy Hollow The Headless Horseman
56%
Green ghost captured by the Ghostbusters Slimer
54%
Ghost ship doomed to sail the seas forever without making port The Flying Dutchman
48%
Ghosts that torment Pac-Man (name any one) Blinky / Pinky / Inky / Clyde
44%
Enemy of Mario that covers its face if looked at Boo
42%
The first ghost that appeared to Ebenezer Scrooge on Christmas Eve Jacob Marley
42%
Freelance bio-exorcist who helps other ghosts get the living out of their homes Beetlejuice
34%
No matching quizzes found
Score Distribution
Percent of People with Each Score
Percentile by Number Answered
Your Score History
You have not taken this quiz since the last reset